Cuestiones de sintáxis española

Saved in:
Bibliografiske detaljer
Hovedforfatter: Marsá, Francisco (autor)
Format: Bog
Sprog:spansk
Udgivet: Barcelona Ariel 1984
Serier:Letras e ideas, instrumento
Fag:
Tags: Tilføj Tag
Ingen Tags, Vær først til at tagge denne postø!

MARC

LEADER 00000nam a2200000 a 4500
001 UCX1152
003 CL-VaPUC
008 900611e19840000SP |||||||||||||||||spa|d
082 0 4 |a 465.5  |b MAR  |2 21 
100 |a Marsá, Francisco  |e autor  |9 318263 
245 1 0 |a Cuestiones de sintáxis española 
300 |a 225 p 
942 |c BK 
945 |d 19900611 00:00:00 
260 |a Barcelona  |b Ariel  |c 1984 
650 0 |a Español   |x Sintaxis   |9 269956 
583 |a last modification  |c 19900611 00:00:00  |k Rodrigo Vera 
490 0 |a Letras e ideas, instrumento 
999 |c 222461  |d 222459 
952 |0 0  |1 0  |4 0  |6 465_500000000000000_MAR_1984  |7 0  |8 A  |9 217214  |a BIBEDU  |b BIBEDU  |d 2019-11-15  |i 2861704  |l 3  |m 1  |o 465.5 MAR 1984  |p 2861704  |r 2023-05-25  |s 2023-05-23  |w 2019-11-15  |y BK  |k LIT 
952 |0 0  |1 0  |4 0  |6 465_500000000000000_MAR_1984  |7 0  |8 A  |9 217215  |a BIBEDU  |b BIBEDU  |d 2019-11-15  |i 2861712  |o 465.5 MAR 1984  |p 2861712  |r 2019-11-15  |w 2019-11-15  |y BK  |k LIT